My Top 100 Songs of 2024 - Guess the Artist - Statistics

General Stats
  • This quiz has been taken 67 times
  • The average score is 50 of 100
Answer Stats
Song Title Artist % Correct
Espresso | Please Please Please | Taste Sabrina Carpenter
97%
Anti-Hero | Bejeweled | Better Man | +28 others Taylor Swift
93%
After Midnight | Femininomenon | Good Luck, Babe! | +6 others Chappell Roan
82%
360 | Apple | New Shapes | +2 others Charli XCX
72%
Stick Season Noah Kahan
57%
Risk | That's So True Gracie Abrams
56%
End of Beginning Djo
51%
Fast Car Tracy Chapman
49%
Teenage Dirtbag Wheatus
43%
Fade into You Mazzy Star
39%
Silver Spring Fleetwood Mac
38%
Not Strong Enough boygenius
36%
National Anthem Lana Del Rey
31%
Kiss Me Sixpence None the Richer
26%
Angel of My Dreams | Angel of My Dreams (SAD Version) Jade
23%
American Teenager Ethel Cain
20%
Dragula Rob Zombie
20%
On My Mama Victoria Monet
13%
Forget About Us Perrie
11%
Not My Fault Renee Rapp & Megan Thee Stallion
11%
Starburned and Unkissed | Welcome to My Island Caroline Polachek
10%
That's the Way It Is Celine Dion
8%
I Could Drive You Crazy | Lighthouse | Years Sierra Ferrell
8%
Slide Goo Goo Dolls
7%
I Love You Always Forever Donna Lewis
5%
The King of Wishful Thinking Go West
5%
Love Me More Mitski
5%
Pesticides Moselle
5%
Change | Clean | She's My Religion | There's a Honey Pale Waves
5%
Amie Pure Prairie League
5%
Never Need Me Rachel Chinouriri
5%
Ordinary Superstar Rina Sawayama
5%
Traffic and Weather Fountains of Wayne
3%
Little Fortune Katie Lynn Sharbaugh
3%
Something Happened on the Way to Heaven Phil Collins
3%
NANi Saweetie
3%
Sunny Came Home Shawn Colvin
3%
Jump Into the Fog The Wombats
3%
Mercy Me Alkaline Trio
2%
Entropy Beach Bunny
2%
Off the Rails EmiSunshine and the Rain
2%
yeaaa Flyana Boss
2%
Float KT Tunstall
2%
I2I Magnolia Park
2%
Over Again Negative 25
2%
Secret Peach PRC
2%
Soup Remi Wolf
2%
You've Got Me The Greeting Committee
2%
No matching quizzes found
Score Distribution
Percent of People with Each Score
Percentile by Number Answered
Your Score History
You have not taken this quiz